<?xml version="1.0" encoding="UTF-8"?>
<collection xmlns="http://www.loc.gov/MARC21/slim">
 <record>
  <leader>     na                 </leader>
  <controlfield tag="001">INLIS000000000000108</controlfield>
  <controlfield tag="005">20240607015154</controlfield>
  <datafield tag="035" ind1=" " ind2=" ">
   <subfield code="a">0010-0422000108</subfield>
  </datafield>
  <controlfield tag="008">240607                g          0 ind  </controlfield>
  <datafield tag="020" ind1=" " ind2=" ">
   <subfield code="a">978-979-8308-96-3</subfield>
  </datafield>
  <datafield tag="041" ind1=" " ind2=" ">
   <subfield code="a">id</subfield>
  </datafield>
  <datafield tag="082" ind1=" " ind2=" ">
   <subfield code="a">636.2</subfield>
  </datafield>
  <datafield tag="100" ind1="0" ind2=" ">
   <subfield code="a">Ismeth Inounu</subfield>
  </datafield>
  <datafield tag="700" ind1="0" ind2=" ">
   <subfield code="a">Eny Martindah</subfield>
  </datafield>
  <datafield tag="700" ind1="0" ind2=" ">
   <subfield code="a">Kusuma Diwyanto</subfield>
  </datafield>
  <datafield tag="700" ind1="0" ind2=" ">
   <subfield code="a">Ratna Ayu Saptati</subfield>
  </datafield>
  <datafield tag="700" ind1="0" ind2=" ">
   <subfield code="a">Subandriyo</subfield>
  </datafield>
  <datafield tag="700" ind1="0" ind2=" ">
   <subfield code="a">Budi Haryanto</subfield>
  </datafield>
  <datafield tag="700" ind1="0" ind2=" ">
   <subfield code="a">Atien Priyanti</subfield>
  </datafield>
  <datafield tag="245" ind1="1" ind2=" ">
   <subfield code="a">Upaya Peningkatan Populasi Sapi Betina Produktif di Indonesia</subfield>
  </datafield>
  <datafield tag="260" ind1=" " ind2=" ">
   <subfield code="a">Bogor :</subfield>
   <subfield code="b">Pusat Penelitian dan Pengembangan Peternakan,</subfield>
   <subfield code="c">2008</subfield>
  </datafield>
  <datafield tag="084" ind1=" " ind2=" ">
   <subfield code="a">636.2 UPA u</subfield>
  </datafield>
  <datafield tag="250" ind1=" " ind2=" ">
   <subfield code="a">-</subfield>
  </datafield>
  <datafield tag="300" ind1=" " ind2=" ">
   <subfield code=":"></subfield>
   <subfield code="b">ix+41 hlm.; ilus.; 16 cm</subfield>
  </datafield>
  <datafield tag="650" ind1=" " ind2="4">
   <subfield code="a">Ruminansia Besar</subfield>
  </datafield>
  <datafield tag="520" ind1=" " ind2=" ">
   <subfield code="a">Peningkatan jumlah populasi ternak sapi merupakan target utama yang harus dilaksanakan dalam rangka mendukung program percepatan swasembada daging sapi (P2SDS) di Indonesia. Salah satu kegiatan yang dapat dilakukan adalah upaya meningkatkan populasi sapi betani produktif dengan berbagai acara. Undang-undang No.6/67 tentang Ketentuan ketentuan Pokok Peternakan dan Kesehatan Hewan melarang untuk dilakukan pemotongan ternak sapi betina produktif, namun implementasinya perlu dikaji ulang karena menjadi kontra produktif dengan kondisi yang ada di lapang saat ini. Peningkatan jumlah populasi ternak sapi betina ini memang tidak dapat dilakukan dalam jangka pendek, tetapi harus secara bertahap dan dalam jangka panjang dengan program yang jelas. &#13;
Berkaitan dengan hal tersebut, Tim Analisis Kebijakan Puslitbang Peternakan telah Menyusun konsep awal upaya peningkatan populasi betina produktif di Indonesia. Hal ini dilaksanakan melalui kegiatan desk study dan lokakarya bekerja sama dengan Ditjen Peternakan dan Perhimpunan Ilmu Pemuliaan Indonesia (PERIPI) di Jakarta, tanggal 21 April 2008. Selengkapnya di ulas didalam buku ini.</subfield>
  </datafield>
  <datafield tag="990" ind1=" " ind2=" ">
   <subfield code="a">00000001528</subfield>
  </datafield>
  <datafield tag="990" ind1=" " ind2=" ">
   <subfield code="a">00000001529</subfield>
  </datafield>
  <datafield tag="990" ind1=" " ind2=" ">
   <subfield code="a">00000002794</subfield>
  </datafield>
  <datafield tag="990" ind1=" " ind2=" ">
   <subfield code="a">00000002795</subfield>
  </datafield>
  <datafield tag="990" ind1=" " ind2=" ">
   <subfield code="a">00000002806</subfield>
  </datafield>
  <datafield tag="990" ind1=" " ind2=" ">
   <subfield code="a">00000002807</subfield>
  </datafield>
  <datafield tag="990" ind1=" " ind2=" ">
   <subfield code="a">00000002820</subfield>
  </datafield>
  <datafield tag="990" ind1=" " ind2=" ">
   <subfield code="a">00000002843</subfield>
  </datafield>
  <datafield tag="990" ind1=" " ind2=" ">
   <subfield code="a">00000002858</subfield>
  </datafield>
 </record>
</collection>
